000 00569nam a2200181 i 4500
001 145725
003 ES-MaACL
005 20250602063232.0
007 t|
008 071016s1970 sp ||||1| spa d
100 1 _aVereiter, Karl von,
_d1918-1996
_9114070
245 1 0 _aBiafra /
_cKarl von Vereiter ; [versión E. Sánchez Pascual].
260 _aBarcelona :
_bPetronio,
_c[1970]
300 _a189 p., 8 h. de lám. :
_bil. ;
_c21 cm.
700 1 _aSánchez Pascual, Enrique.
_9102835
852 _aES-MaACL
_jC-38950
_bR.74141
999 _c145725
_d145725